000 00516nam a2200193 i 4500
001 57224
003 ES-MaACL
005 20230906163533.0
007 t|
008 031015s1972 sp ||||1| spa d
100 1 _aDivomlikoff, Lavr.
_944895
245 1 3 _aEl traidor /
_cLavr Divomlikoff ; [versión de J.M.C.].
250 _a[1ª ed.].
260 _aBarcelona :
_bAcervo,
_c[1972]
300 _a281 p. ;
_c19 cm.
700 1 _aJ. M. C.
_9203457
852 _aES-MaACL
_jC-49774
_bR.84557
999 _c57224
_d57224